Statistics for Dünya Ülkeleri-1945

Click here to take the quiz!

General Stats

  • This quiz has been taken 1 711 times
  • The average score is 53 of 74

Answers on the Map

Answers color-coded by a green-red scale on the quiz's map according to % correct below.
 

Answer Stats

Country% Correct
Türkiye
95%
Fransa
94%
Birleşik Krallık
93%
Çin
93%
Kanada
93%
Sovyetler Birliği
93%
Amerika Birleşik Devletleri
90%
İspanya
90%
İtalya
90%
İran
89%
Japonya
89%
Mısır
89%
Irak
88%
Meksika
88%
Suriye
88%
Brezilya
87%
Danimarka
87%
Portekiz
87%
Suudi Arabistan
87%
Yunanistan
87%
İsveç
86%
Moğolistan
86%
Norveç
85%
Finlandiya
84%
Arjantin
83%
Polonya
83%
Şili
83%
Avustralya
82%
Belçika
82%
Bulgaristan
82%
İrlanda
82%
Güney Afrika
81%
Hollanda
81%
İzlanda
81%
Romanya
81%
İsviçre
79%
Afganistan
78%
Endonezya
78%
Arnavutluk
75%
Macaristan
74%
Küba
72%
Peru
72%
Yugoslavya
72%
Nepal
71%
Uruguay
71%
Kolombiya
70%
Vietnam
70%
Yemen
70%
Venezuela
69%
Yeni Zelanda
69%
Etiyopya
67%
Bolivya
66%
Paraguay
66%
Panama
63%
Tayland
63%
Dominik Cumhuriyeti
60%
Ekvador
60%
Lübnan
58%
Lüksemburg
58%
Honduras
55%
Çekoslovakya
52%
El Salvador
51%
Haiti
51%
Kosta Rika
47%
Guatemala
46%
Liberya
46%
Tibet
45%
Nikaragua
44%
Vatikan Şehri
41%
Andorra
40%
San Marino
40%
Monako
36%
Lihtenştayn
35%
Doğu Türkistan
34%

Score Distribution

Percentile by Number Answered

Percent of People with Each Score

Your Score History

You have not taken this quiz